000 00799nam a2200289Ia 4500
001 15377
003 IT-RoPAU
008 130308s9999 xx 000 0 und d
040 _aIT-RoPAU
040 _cIT-RoPAU
041 _aITALIANO
100 _aDipersia Giulia
100 _gCodice Aut. SPICS: 7190
245 _aPolemiche sulla guerra sociale nell'ambasceria latina di Livio VIII, 4-6 (Le)
245 _bStoriografia e Propaganda
250 _a1a ed.
260 _aMILANO
260 _bVita e Pensiero
260 _c1975 [1° Ed.:1975 - Ed.Ling.Originale:1975]
300 _a"10 p. (prefazione: no ; testo: 10 [pagine: 111-120])"
650 _aSTORIA DELLA PROPAGANDA
650 _eCodice materia Spics: 6258
942 _cBK
957 _71
999 _c48983
_d48983
999 _bSI
999 _g1